College scholarships and financial aid /

Bibliographic Details
Corporate Author: Wintergreen/Orchard House, Inc
Other Authors: Schwartz, John, 1957-
Format: Book
Language:English
Published: New York : Macmillan USA, [1995]
Edition:6th ed.
Subjects:

MARC

Tag First Indicator Second Indicator Subfields
LEADER 00000cam a2200000 a 4500
001 in00001289921
005 20151004085643.0
008 950822s1995 nyu rf 001 0 eng
010 |a  95040426  
020 |a 002860329X 
035 |a (OCoLC)33079201 
035 |9 AGZ4381AM 
040 |a DLC  |c DLC  |d UtOrBLW 
043 |a n-us--- 
049 |a TXAM 
050 0 0 |a LB2337.2  |b .C63 1995 
082 0 0 |a 378.3/025/73  |2 20 
245 0 0 |a College scholarships and financial aid /  |c Wintergreen/Orchard House, Inc., John Schwartz. 
246 3 8 |a Arco college scholarships and financial aid 
250 |a 6th ed. 
264 1 |a New York :  |b Macmillan USA,  |c [1995] 
264 4 |c ©1995 
300 |a 444 pages ;  |c 28 cm. 
336 |a text  |b txt  |2 rdacontent 
337 |a unmediated  |b n  |2 rdamedia 
338 |a volume  |b nc  |2 rdacarrier 
500 |a Revised edition of: College financial aid. c1993. 
504 |a Includes bibliographical references and indexes. 
650 0 |a Student aid  |z United States  |v Directories. 
650 0 |a Student aid  |z United States  |v Handbooks, manuals, etc. 
650 0 |a Scholarships  |z United States  |v Directories. 
650 0 |a Scholarships  |z United States  |v Handbooks, manuals, etc. 
700 1 |a Schwartz, John,  |d 1957- 
710 2 |a Wintergreen/Orchard House, Inc. 
730 0 |a College financial aid. 
999 |a MARS 
999 f f |s cc1b1f7c-af9a-3587-ba70-34984fd15b0d  |i 8f6068ad-de26-31ac-b8fd-8e1ca0d11db2  |t 0 
952 f f |p normal  |a Texas A&M University  |b College Station  |c Sterling C. Evans Library  |d Evans: Library Stacks  |t 0  |e LB2337.2 .C63 1995  |h Library of Congress classification  |i unmediated -- volume  |m A14820392806 
998 f f |a LB2337.2 .C63 1995  |t 0  |l Evans: Library Stacks